[Event "Capablanca Memorial op-B 45th"]
[Site "Havana"]
[Date "2011.05.15"]
[Round "5"]
[White "Borges del Pino, Oliver"]
[Black "Jodar Arias, Marlon"]
[Result "1/2-1/2"]
[WhiteElo "2209"]
[BlackElo "2174"]
[PlyCount "99"]
[EventDate "2011.05.11"]
[EventType "swiss"]
[EventRounds "7"]
[EventCountry "CUB"]
[SourceTitle "CBM 142 Extra"]
[Source "ChessBase"]
[SourceDate "2011.06.27"]
[SourceVersion "1"]
[SourceVersionDate "2011.06.27"]
[SourceQuality "1"]

1. d4 Nf6 2. Nf3 g6 3. g3 Bg7 4. Bg2 0-0 5. c4 d5 6. Nc3 dxc4 7. 0-0 c6 8. e4 Na6 9. a4 Bg4 10. Be3 Nb4 11. Qe2 Nd7 12. Rad1 a5 13. Qxc4 Nc2 14. Qd3 Nxe3 15. Qxe3 Qb6 16. e5 Qb4 17. h3 Bf5 18. d5 Nb6 19. g4 Bc2 20. Rd4 Qxb2 21. Qd2 Nxd5 22. Nxd5 cxd5 23. Rc1 Rac8 24. Rxd5 Qa2 25. Nd4 Bb1 26. Rd1 Qxd2 27. Rxd2 b6 28. f4 e6 29. Rd6 Rc1+ 30. Kh2 Rfc8 31. Rxb6 Bf8 32. Nb3 Bb4 33. Rb2 Re1 34. Nxa5 Bxa5 35. Rxb1 Rxb1 36. Rxb1 Rc4 37. f5 gxf5 38. gxf5 Rxa4 39. Rb8+ Kg7 40. Rb7 Rb4 41. Rd7 Rb6 42. f6+ Kg6 43. Be4+ Kg5 44. Rxf7 Kf4 45. Bg2 Kxe5 46. Ra7 Bb4 47. f7 Kf6 48. Kg3 Be7 49. f8Q+ Bxf8 50. Rxh7 1/2-1/2

[Event "Capablanca Memorial op-B 45th"]
[Site "Havana"]
[Date "2011.05.13"]
[Round "3"]
[White "Borges del Pino, Oliver"]
[Black "Marquez Torres, Oscar Luis"]
[Result "1-0"]
[WhiteElo "2209"]
[BlackElo "2110"]
[PlyCount "73"]
[EventDate "2011.05.11"]
[EventType "swiss"]
[EventRounds "7"]
[EventCountry "CUB"]
[SourceTitle "CBM 142 Extra"]
[Source "ChessBase"]
[SourceDate "2011.06.27"]
[SourceVersion "1"]
[SourceVersionDate "2011.06.27"]
[SourceQuality "1"]

1. d4 Nf6 2. Nf3 c5 3. g3 e6 4. Bg2 Be7 5. c4 0-0 6. Nc3 d6 7. e4 a6 8. 0-0 cxd4 9. Nxd4 Qc7 10. Qe2 Nbd7 11. Be3 Rb8 12. Rac1 b6 13. f4 Rd8 14. e5 dxe5 15. Nc6 Bd6 16. Nxd8 Qxd8 17. fxe5 Bxe5 18. Ne4 Nxe4 19. Bxe4 Nf6 20. Rfd1 Qc7 21. Qd3 Kf8 22. Bg2 Bxb2 23. Rd2 Be5 24. Rb1 h6 25. c5 Nd7 26. c6 Nc5 27. Qd8+ Qxd8 28. Rxd8+ Ke7 29. Rbd1 Bc7 30. Bxc5+ bxc5 31. R1d7+ Bxd7 32. Rxd7+ Kf6 33. Rxc7 c4 34. Rb7 c3 35. Be4 Rc8 36. Rb4 Ke5 37. Rc4 1-0

[Event "Agosto de Victorias-B 4th"]
[Site "Havana"]
[Date "2010.08.05"]
[Round "4"]
[White "Borges del Pino, Oliver"]
[Black "Corrales Jimenez, Zenia"]
[Result "1-0"]
[WhiteElo "2161"]
[BlackElo "2159"]
[PlyCount "91"]
[EventDate "2010.08.02"]
[EventType "tourn"]
[EventRounds "10"]
[EventCountry "CUB"]
[SourceTitle "EXT 2012"]
[Source "ChessBase"]
[SourceDate "2011.11.24"]
[SourceVersion "1"]
[SourceVersionDate "2011.11.24"]
[SourceQuality "1"]

1. d4 d5 2. Nf3 Nf6 3. Bg5 Ne4 4. Bf4 c5 5. e3 Qb6 6. dxc5 Qxb2 7. Be5 Qb4+ 8. c3 Qxc5 9. Bd4 Qa5 10. Qb3 Nd6 11. Na3 Bd7 12. Bd3 f6 13. 0-0 e5 14. c4 e4 15. c5 exd3 16. cxd6 Bxd6 17. Qxb7 0-0 18. Qxa8 Bxa3 19. Rab1 Nc6 20. Qb7 Nxd4 21. Nxd4 Bc8 22. Qc6 Qc5 23. Qa4 Qe7 24. Rfd1 Bd6 25. Rxd3 Qe4 26. Qb3 Kh8 27. Rdd1 Be5 28. Nf3 Be6 29. Qb4 Qxb4 30. Rxb4 h5 31. Nxe5 fxe5 32. Rb7 Rf7 33. Rxf7 Bxf7 34. Rc1 d4 35. exd4 exd4 36. a3 Bg6 37. Rc8+ Kh7 38. Rd8 d3 39. Kf1 h4 40. Ke1 h3 41. gxh3 Kh6 42. Ra8 Be4 43. Rxa7 g5 44. Re7 Bd5 45. Kd2 Kh5 46. Re5 1-0

[Event "Havana Elo"]
[Site "Havana"]
[Date "2009.08.05"]
[Round "4"]
[White "Borges del Pino, Oliver"]
[Black "Quesda Chow, Ismael"]
[Result "0-1"]
[WhiteElo "2147"]
[BlackElo "2176"]
[PlyCount "80"]
[EventDate "2009.08.04"]
[EventType "tourn"]
[EventRounds "15"]
[EventCountry "CUB"]
[SourceTitle "CBM 131 Extra"]
[Source "ChessBase"]
[SourceDate "2009.09.03"]
[SourceVersion "2"]
[SourceVersionDate "2009.09.16"]
[SourceQuality "1"]

1. d4 Nf6 2. Bg5 g6 3. Bxf6 exf6 4. e3 d5 5. Bd3 c6 6. Nd2 f5 7. Qf3 Bd6 8. Ne2 Nd7 9. h4 h5 10. Nf4 Nf6 11. Nb3 Qe7 12. c3 Bd7 13. Rc1 0-0 14. Nd2 Rfe8 15. Nf1 c5 16. Kd2 Rac8 17. Ng3 Ne4+ 18. Kc2 cxd4 19. Nxd5 Qe6 20. Nxe4 fxe4 21. Bxe4 Kg7 22. Bd3 dxc3 23. Nxc3 Qxa2 24. Rb1 Rxc3+ 25. Kxc3 Rc8+ 26. Kd2 Bb4+ 27. Ke2 Bg4 28. Qxg4 hxg4 29. Rhd1 a5 30. Kf1 g3 31. fxg3 Qe6 32. e4 Qe5 33. b3 Qxg3 34. Bc4 b5 35. Rd3 Qh2 36. Rh3 Qe5 37. Bd5 Rc3 38. Rxc3 Bxc3 39. Kg1 Bd4+ 40. Kh1 Qg3 0-1

[Event "Havana Elo"]
[Site "Havana"]
[Date "2009.08.04"]
[Round "2"]
[White "Borges del Pino, Oliver"]
[Black "Soto Hernandez, Henry"]
[Result "0-1"]
[WhiteElo "2147"]
[BlackElo "2283"]
[PlyCount "166"]
[EventDate "2009.08.04"]
[EventType "tourn"]
[EventRounds "15"]
[EventCountry "CUB"]
[SourceTitle "CBM 131 Extra"]
[Source "ChessBase"]
[SourceDate "2009.09.03"]
[SourceVersion "2"]
[SourceVersionDate "2009.09.16"]
[SourceQuality "1"]

1. d4 d5 2. Nf3 Nf6 3. Bg5 Bf5 4. Bxf6 exf6 5. e3 Bd6 6. c4 dxc4 7. Bxc4 0-0 8. Nc3 c5 9. dxc5 Bxc5 10. Qb3 Nc6 11. Qxb7 Na5 12. Qd5 Nxc4 13. Qxc5 Qd3 14. Rd1 Nxb2 15. Qxf8+ Kxf8 16. Rxd3 Nxd3+ 17. Ke2 Rc8 18. Nd4 Bg6 19. Nd5 Rc5 20. Nf4 Nxf4+ 21. exf4 Ra5 22. Ra1 Ra4 23. Nb5 a6 24. Nc3 Rxf4 25. Rd1 Rc4 26. Kd2 Rh4 27. Ke3 Rxh2 28. g3 Rh5 29. Rd8+ Ke7 30. Rg8 Rh1 31. Ra8 Rc1 32. Nd5+ Kd6 33. Rd8+ Ke6 34. Nf4+ Ke7 35. Ra8 Re1+ 36. Ne2 Bf5 37. Rxa6 Be6 38. Ra7+ Kd6 39. Kd2 Rf1 40. Ke3 g5 41. Nd4 Bd5 42. Ra6+ Ke5 43. Nc6+ Bxc6 44. Rxc6 Re1+ 45. Kf3 Kf5 46. Kg2 Ra1 47. Ra6 h5 48. a4 Ra3 49. Ra5+ Kg6 50. Ra6 g4 51. a5 Kg7 52. Ra8 f5 53. a6 f4 54. gxf4 h4 55. a7 f5 56. Kh2 h3 57. Kh1 Ra2 58. Kg1 Kh7 59. Kh1 Ra1+ 60. Kh2 Kg7 61. Kg3 Ra2 62. Rb8 Rxa7 63. Rb5 Ra3+ 64. Kh2 Rf3 65. Rxf5 Rxf2+ 66. Kh1 Rg2 67. Rg5+ Kf6 68. Rf5+ Kg6 69. Rg5+ Kh6 70. Rg8 Kh5 71. Rh8+ Kg6 72. Rg8+ Kf5 73. Rf8+ Ke4 74. f5 Kf3 75. Ra8 Rb2 76. Ra3+ Kf4 77. f6 Rb6 78. f7 Rf6 79. Ra4+ Kg3 80. Ra3+ Kh4 81. Kg1 Rxf7 82. Ra8 Rf3 83. Rg8 Ra3 0-1

[Event "Matanzas Jaguey Cup"]
[Site "Matanzas"]
[Date "2008.02.23"]
[Round "12"]
[White "Borges del Pino, Oliver"]
[Black "Borges Feria, Yasel"]
[Result "0-1"]
[WhiteElo "2157"]
[BlackElo "2393"]
[PlyCount "102"]
[EventDate "2008.02.16"]
[EventType "tourn"]
[EventRounds "14"]
[EventCountry "CUB"]
[EventCategory "2"]
[SourceTitle "CBM 123 Extra"]
[Source "ChessBase"]
[SourceDate "2008.05.06"]
[SourceVersion "1"]
[SourceVersionDate "2008.05.06"]
[SourceQuality "1"]

1. e4 c5 2. c3 Nf6 3. e5 Nd5 4. d4 cxd4 5. Nf3 e6 6. cxd4 d6 7. Nc3 Nxc3 8. bxc3 Qc7 9. Bd2 Nd7 10. exd6 Bxd6 11. Bd3 b6 12. 0-0 Bb7 13. Re1 0-0 14. h3 Bf4 15. Ne5 Bxd2 16. Qxd2 Nxe5 17. Rxe5 Rad8 18. Rae1 Rd5 19. c4 Rxe5 20. Rxe5 Rd8 21. Qe3 g6 22. d5 exd5 23. Re7 d4 24. Qe2 Rd7 25. Re8+ Kg7 26. h4 Qf4 27. Rg8+ Kxg8 28. Qe8+ Kg7 29. Qxd7 Ba6 30. Bf1 Qe4 31. Qxa7 Qb7 32. Qxb7 Bxb7 33. f3 Kf6 34. Kf2 Ke5 35. Ke2 Kd6 36. Kd3 Kc5 37. Kc2 Bc8 38. Kb3 Be6 39. a4 h6 40. Bd3 Bf5 41. Bf1 g5 42. hxg5 hxg5 43. g3 f6 44. f4 Bg4 45. fxg5 Bd1+ 46. Ka3 fxg5 47. Bd3 Bg4 48. a5 bxa5 49. Ka4 Be6 50. Kb3 Bxc4+ 51. Bxc4 a4+ 0-1

[Event "Matanzas Jaguey Cup"]
[Site "Matanzas"]
[Date "2008.02.19"]
[Round "6"]
[White "Borges del Pino, Oliver"]
[Black "Gonzalez Mesa, Daniel"]
[Result "0-1"]
[WhiteElo "2157"]
[BlackElo "2168"]
[PlyCount "74"]
[EventDate "2008.02.16"]
[EventType "tourn"]
[EventRounds "14"]
[EventCountry "CUB"]
[EventCategory "2"]
[SourceTitle "CBM 123 Extra"]
[Source "ChessBase"]
[SourceDate "2008.05.06"]
[SourceVersion "1"]
[SourceVersionDate "2008.05.06"]
[SourceQuality "1"]

1. e4 c5 2. Nf3 d6 3. d4 cxd4 4. Nxd4 Nf6 5. Nc3 a6 6. Be3 e6 7. f3 b5 8. g4 h6 9. Bd3 b4 10. Nce2 e5 11. Nf5 d5 12. exd5 g6 13. Nfg3 Nxd5 14. Qd2 Nxe3 15. Qxe3 Qc7 16. Ne4 Nd7 17. 0-0-0 Bb7 18. h4 f5 19. gxf5 gxf5 20. N4g3 Bc5 21. Qd2 f4 22. Bg6+ Ke7 23. Nf5+ Kf6 24. Qxd7 Qxd7 25. Rxd7 Bxf3 26. Rg1 Bxe2 27. Rf7+ Ke6 28. Ng7+ Kd5 29. Re1 Be3+ 30. Kb1 Bg4 31. h5 Rhf8 32. Re7 Rad8 33. c4+ Kd6 34. Rb7 Rd7 35. Rxd7+ Kxd7 36. Kc2 Ke7 37. Kd3 Rd8+ 0-1

[Event "Matanzas Batalla de Ideas-B 4th"]
[Site "Matanzas"]
[Date "2007.07.20"]
[Round "11"]
[White "Hernandez Noa, Rodney"]
[Black "Borges del Pino, Oliver"]
[Result "1-0"]
[WhiteElo "2100"]
[BlackElo "2145"]
[PlyCount "72"]
[EventDate "2007.07.15"]
[EventType "tourn"]
[EventRounds "14"]
[EventCountry "CUB"]
[SourceTitle "EXT 2019"]
[Source "ChessBase"]
[SourceDate "2018.10.10"]
[SourceVersion "1"]
[SourceVersionDate "2018.10.10"]
[SourceQuality "1"]

1. d4 Nf6 2. c4 e6 3. Nc3 Bb4 4. f3 d5 5. a3 Bxc3+ 6. bxc3 c5 7. cxd5 Nxd5 8. dxc5 f5 9. c4 Qh4+ 10. g3 Qxc4 11. e4 Qc3+ 12. Bd2 Qe5 13. Bg2 fxe4 14. f4 Qf6 15. Bxe4 Nc3 16. Bxc3 Qxc3+ 17. Kf2 Qxc5+ 18. Kg2 0-0 19. Nf3 Nc6 20. Qd3 h6 21. Rhc1 Qa5 22. Qe3 Ne7 23. Rc5 Qd8 24. Qb3 Nd5 25. Re1 Kh8 26. Ne5 Rf6 27. Ng6+ Rxg6 28. Bxg6 b6 29. Rcc1 Bb7 30. Kg1 Qf6 31. Qd3 Rf8 32. Be4 Ba8 33. Rc2 Rd8 34. Rd1 Bb7 35. f5 exf5 36. Bxf5 Re8 1-0

[Event "Matanzas Batalla de Ideas-B 4th"]
[Site "Matanzas"]
[Date "2007.07.17"]
[Round "4"]
[White "Borges del Pino, Oliver"]
[Black "Hernandez Noa, Rodney"]
[Result "0-1"]
[WhiteElo "2145"]
[BlackElo "2100"]
[PlyCount "92"]
[EventDate "2007.07.15"]
[EventType "tourn"]
[EventRounds "14"]
[EventCountry "CUB"]
[SourceTitle "EXT 2019"]
[Source "ChessBase"]
[SourceDate "2018.10.10"]
[SourceVersion "1"]
[SourceVersionDate "2018.10.10"]
[SourceQuality "1"]

1. d4 Nf6 2. Bg5 d5 3. Nd2 c6 4. e3 Nbd7 5. Bd3 g6 6. f4 Bg7 7. Ngf3 0-0 8. c3 Ng4 9. Qe2 f6 10. Bh4 Qb6 11. h3 Nh6 12. 0-0 Qxb2 13. c4 e6 14. e4 Nf7 15. e5 Qb6 16. cxd5 cxd5 17. Rab1 Qd8 18. g4 Qe8 19. Kh1 Nd8 20. f5 exf5 21. gxf5 gxf5 22. Bxf5 fxe5 23. Ng5 h6 24. Nh7 Rxf5 25. Rxf5 Kxh7 26. Bxd8 Qxd8 27. Rg1 Qe7 28. Qh5 Nf6 29. Qg6+ Kh8 30. Rxe5 Qf8 31. Rge1 Bd7 32. Re7 Re8 33. Rxe8 Bxe8 34. Qd3 Qd6 35. Rg1 Ne4 36. Qe3 Bg6 37. Nf1 Kh7 38. Nh2 Qb6 39. Nf3 h5 40. Qb3 Qc6 41. Nh4 Nf2+ 42. Kg2 Bxd4 43. Nxg6 Qxg6+ 44. Kf1 Qa6+ 45. Kg2 Qg6+ 46. Kf1 Qf7 0-1

[Event "Cardenas Cup 3rd"]
[Site "Cardenas"]
[Date "2007.05.04"]
[Round "12"]
[White "Acosta Pedroso, Gerardo"]
[Black "Borges del Pino, Oliver"]
[Result "1/2-1/2"]
[WhiteElo "2194"]
[BlackElo "2123"]
[PlyCount "88"]
[EventDate "2007.04.28"]
[EventType "tourn"]
[EventRounds "18"]
[EventCountry "CUB"]
[SourceTitle "EXT 2019"]
[Source "ChessBase"]
[SourceDate "2018.10.10"]
[SourceVersion "1"]
[SourceVersionDate "2018.10.10"]
[SourceQuality "1"]

1. e4 c5 2. Nf3 d6 3. d4 cxd4 4. Nxd4 Nf6 5. Nc3 Nc6 6. Bg5 e6 7. Qd2 Be7 8. 0-0-0 Nxd4 9. Qxd4 0-0 10. f3 a6 11. h4 Qc7 12. Kb1 Rd8 13. Na4 b5 14. Nb6 Rb8 15. Nxc8 Rbxc8 16. Bd3 e5 17. Qf2 h6 18. Bxf6 Bxf6 19. g4 g5 20. hxg5 Bxg5 21. Rh5 Kg7 22. Qh2 Rh8 23. c3 Qc5 24. Qe2 Rb8 25. Bc2 Rhc8 26. Rd5 Qc6 27. Rxg5+ hxg5 28. Qd2 f6 29. Rxd6 Qc5 30. Rd7+ Kg6 31. Bb3 Qg1+ 32. Kc2 Rb6 33. Bf7+ Kh6 34. Rd8 Rbc6 35. Be6 Rxd8 36. Qxd8 Qf2+ 37. Kb3 Rxe6 38. Qh8+ Kg6 39. Qg8+ Kh6 40. Qxe6 Qxf3 41. Qxa6 Kg6 42. Qxb5 Qxg4 43. Qe8+ Kg7 44. Qe7+ Kg6 1/2-1/2

[Event "Cardenas Cup 3rd"]
[Site "Cardenas"]
[Date "2007.05.01"]
[Round "8"]
[White "Diaz Quesada, George"]
[Black "Borges del Pino, Oliver"]
[Result "0-1"]
[WhiteElo "2159"]
[BlackElo "2123"]
[PlyCount "48"]
[EventDate "2007.04.28"]
[EventType "tourn"]
[EventRounds "18"]
[EventCountry "CUB"]
[SourceTitle "EXT 2019"]
[Source "ChessBase"]
[SourceDate "2018.10.10"]
[SourceVersion "1"]
[SourceVersionDate "2018.10.10"]
[SourceQuality "1"]

1. e4 c5 2. Nc3 Nc6 3. f4 g6 4. Nf3 Bg7 5. Bb5 Nd4 6. 0-0 a6 7. Bd3 b5 8. e5 Bb7 9. Nxd4 cxd4 10. Ne4 Qb6 11. Qe1 Nh6 12. b3 0-0 13. Bb2 d6 14. exd6 exd6 15. Qf2 Rae8 16. Ng5 Ng4 17. Qh4 h5 18. h3 Re2 19. Nf3 f5 20. hxg4 fxg4 21. Bxe2 d3+ 22. Qf2 Qxf2+ 23. Rxf2 Bxb2 24. Rb1 dxc2 0-1

[Event "Cardenas Cup 3rd"]
[Site "Cardenas"]
[Date "2007.04.30"]
[Round "6"]
[White "Gonzalez Mesa, Daniel"]
[Black "Borges del Pino, Oliver"]
[Result "1-0"]
[WhiteElo "2094"]
[BlackElo "2123"]
[PlyCount "85"]
[EventDate "2007.04.28"]
[EventType "tourn"]
[EventRounds "18"]
[EventCountry "CUB"]
[SourceTitle "EXT 2019"]
[Source "ChessBase"]
[SourceDate "2018.10.10"]
[SourceVersion "1"]
[SourceVersionDate "2018.10.10"]
[SourceQuality "1"]

1. e4 c5 2. Nf3 d6 3. d4 cxd4 4. Nxd4 Nf6 5. Nc3 Nc6 6. Bg5 e6 7. Qd2 Be7 8. 0-0-0 0-0 9. f3 a6 10. h4 Nxd4 11. Qxd4 Qa5 12. Kb1 b5 13. Qd2 b4 14. Ne2 Qc7 15. g4 Bb7 16. Nd4 Rfc8 17. Bd3 Rab8 18. h5 a5 19. Be3 Nd7 20. g5 Nc5 21. g6 Bf6 22. gxh7+ Kh8 23. h6 g6 24. Nb5 Qd7 25. Bg5 Qe7 26. Nxd6 Bxg5 27. Qxg5 Qxg5 28. Nxf7+ Kxh7 29. Nxg5+ Kh8 30. b3 Rf8 31. Bc4 Bc8 32. Rd6 a4 33. Rc6 Nd7 34. bxa4 Ne5 35. Rc7 Nxf3 36. Rh7+ Kg8 37. Rg7+ Kh8 38. Nxf3 Rxf3 39. Rd1 Rf8 40. Rd6 Re8 41. Rc6 Rg8 42. Rxg8+ Kxg8 43. Rxc8+ 1-0

[Event "CUB-ch U20 sf"]
[Site "Cuba"]
[Date "2000.??.??"]
[Round "1"]
[White "Delgado Ramirez, Neuris"]
[Black "Borges del Pino, Oliver"]
[Result "1-0"]
[WhiteElo "2443"]
[BlackElo "2119"]
[PlyCount "119"]
[EventDate "2000.??.??"]
[EventType "swiss"]
[EventRounds "9"]
[EventCountry "CUB"]
[SourceTitle "EXT 2003"]
[Source "ChessBase"]
[SourceDate "2002.11.25"]
[SourceVersion "1"]
[SourceVersionDate "2002.11.25"]
[SourceQuality "1"]

1. e4 c5 2. Nf3 d6 3. Bc4 Nc6 4. d3 Nf6 5. c3 e6 6. Bb3 Be7 7. 0-0 b5 8. Re1 Ba6 9. d4 e5 10. d5 Nb8 11. a4 Qa5 12. Nbd2 Nbd7 13. c4 b4 14. h3 0-0-0 15. Nb1 Kb8 16. Nfd2 Rdg8 17. Nf1 Bc8 18. Bc2 g5 19. Ne3 Nf8 20. Nf5 Bxf5 21. exf5 g4 22. Re3 h5 23. h4 Qd8 24. a5 g3 25. fxg3 Ng4 26. Rf3 Bxh4 27. Bd3 Bf6 28. Qa4 Qd7 29. Qxd7 Nxd7 30. Be4 h4 31. Nd2 Bg5 32. Nf1 Ndf6 33. Bxg5 Rxg5 34. Re1 hxg3 35. Nxg3 Nh5 36. Nf1 Ngf6 37. g3 Rhg8 38. Kg2 Rg4 39. Rfe3 Nxe4 40. Rxe4 R4g5 41. R1e3 Rxf5 42. Rf3 Rxf3 43. Kxf3 Kb7 44. Rh4 Nf6 45. Ne3 Ka6 46. Nf5 Ne8 47. Ne7 Rf8 48. Nc6 Kb7 49. g4 a6 50. Rh7 Kc8 51. g5 Nc7 52. Ne7+ Kd8 53. Nf5 Ne8 54. Nh6 Ke7 55. Ke4 Nf6+ 56. gxf6+ Kxf6 57. Nf5 Rg8 58. Rh6+ Kg5 59. Rxd6 f6 60. Rd7 1-0

[Event "Matanzas Cup"]
[Site "Matanzas"]
[Date "2000.??.??"]
[Round "?"]
[White "Quesada Perez, Yuniesky"]
[Black "Borges del Pino, Oliver"]
[Result "1-0"]
[WhiteElo "2311"]
[BlackElo "2119"]
[PlyCount "53"]
[EventDate "2000.??.??"]
[EventType "tourn"]
[EventRounds "8"]
[EventCountry "CUB"]
[SourceTitle "EXT 2001"]
[Source "ChessBase"]
[SourceDate "2000.11.22"]
[SourceVersion "1"]
[SourceVersionDate "2000.11.22"]
[SourceQuality "1"]

1. e4 c5 2. d3 d5 3. Nd2 Nc6 4. Ngf3 e6 5. g3 g6 6. Bg2 Bg7 7. 0-0 Nge7 8. Re1 dxe4 9. Nxe4 b6 10. Bg5 0-0 11. Nf6+ Kh8 12. Ne5 Nxe5 13. Bxa8 N5c6 14. Bxc6 Nxc6 15. Nxh7 f6 16. Nxf8 Qxf8 17. Bd2 Qd6 18. Qg4 Kh7 19. Bc3 f5 20. Qh4+ Kg8 21. Bxg7 Kxg7 22. c3 Bb7 23. Qf4 e5 24. Qe3 Qd5 25. f3 Kf6 26. Rad1 Nd8 27. d4 1-0

[Event "CUB-ch U20 sf"]
[Site "Cuba"]
[Date "2000.??.??"]
[Round "7"]
[White "Recio, Jorge E"]
[Black "Borges del Pino, Oliver"]
[Result "1-0"]
[WhiteElo "2236"]
[BlackElo "2119"]
[PlyCount "135"]
[EventDate "2000.??.??"]
[EventType "swiss"]
[EventRounds "9"]
[EventCountry "CUB"]
[SourceTitle "EXT 2003"]
[Source "ChessBase"]
[SourceDate "2002.11.25"]
[SourceVersion "1"]
[SourceVersionDate "2002.11.25"]
[SourceQuality "1"]

1. e4 c5 2. Nf3 d6 3. d4 cxd4 4. Nxd4 Nf6 5. Nc3 Nc6 6. Bg5 e6 7. Qd2 Be7 8. 0-0-0 0-0 9. f4 Nxd4 10. Qxd4 Qa5 11. e5 dxe5 12. Qxe5 Qxe5 13. fxe5 Nd5 14. Bxe7 Nxe7 15. Bd3 Nd5 16. Nxd5 exd5 17. Be2 Be6 18. Bf3 Rfd8 19. Rd4 Rd7 20. Rhd1 Rad8 21. h4 b6 22. c3 Kf8 23. Kd2 Ke7 24. Re1 Rc8 25. Ke3 Rc4 26. Red1 Rxd4 27. Rxd4 h6 28. Kf4 g6 29. g4 Rd8 30. g5 h5 31. a3 Rd7 32. Bd1 Kd8 33. Ke3 Kc7 34. Rf4 Kd8 35. Kd4 Ke7 36. Be2 Rc7 37. b3 Rd7 38. Rf6 Rc7 39. Bd3 Rc8 40. Ba6 Rc7 41. Bd3 Rc8 42. Bf1 Rd8 43. Bg2 Rd7 44. Rf3 Rc7 45. Bh3 Rc8 46. Bxe6 fxe6 47. Rf6 Rg8 48. a4 a6 49. Rf2 a5 50. Rf6 Re8 51. Rxg6 Kf7 52. Rh6 Kg7 53. Rxh5 Rf8 54. Rh6 Rf4+ 55. Kd3 Rf3+ 56. Kd2 Rf2+ 57. Ke3 Rb2 58. Rxe6 Rxb3 59. Kd4 Ra3 60. h5 Rxa4+ 61. Kxd5 b5 62. Re7+ Kf8 63. Rb7 b4 64. h6 bxc3 65. Ke6 Rb4 66. h7 Rh4 67. g6 Rh6 68. Rb8+ 1-0